The Valar from Tolkien's Silmarillion - Statistics

General Stats
  • This quiz has been taken 2,377 times
  • The average score is 10 of 15
Answer Stats
Titles Names % Correct
The Great Enemy Morgoth Bauglir
95%
High King of Arda Manwë Súlimo
89%
King of the Sea Ulmo
84%
The Maker Aulë
78%
Queen of the Stars Varda Elentári
77%
Queen of the Earth Yavanna Kementári
77%
Master of Doom Mandos
74%
The Strong / Valiant Tulkas Astaldo
72%
Lord of the Forest Oromë
67%
Master of Visions and Dreams Lórien
55%
Lady of Mercy Nienna
52%
The Dancer Nessa
39%
Ever-Young Vána
38%
The Gentle Estë
34%
The Weaver Vairë
33%
No matching quizzes found
Score Distribution
Percent of People with Each Score
Percentile by Number Answered
Your Score History
You have not taken this quiz